Carregant...
Tropical plants and there cultivation
| Autor principal: | |
|---|---|
| Format: | Printed Book |
| Publicat: |
London
thames and hudson
1962
|
| LEADER | 00408nam a22001217a 4500 | ||
|---|---|---|---|
| 082 | |a 635 BRO/T | ||
| 100 | |a BROGGEMAN, L | ||
| 245 | |a Tropical plants and there cultivation | ||
| 260 | |a London |b thames and hudson |c 1962 | ||
| 300 | |a 227p. | ||
| 942 | |2 ddc |c BK | ||
| 999 | |c 295776 |d 295776 | ||
| 952 | |0 0 |1 0 |4 0 |6 635_000000000000000_BRO_T |7 0 |9 336302 |a BOT |b BOT |c ST1 |d 2011-05-17 |i 2159 |l 0 |o 635 BRO/T |p BOT2159 |r 2013-07-02 |w 2013-07-02 |y BK | ||